00507nam a2200193 a 4500001001300000003000900013005001700022008004100039020000800080082001300088100002400101245004000125260003800165300000900203500003500212505001500247650002700262700002400289nice12345678IN_TiNIC20260116011403.0050524s1925 lona grp 000 0 eng  ac000a962bPOO aPoole-Lane, Stanley aHistory of Egypt in the Middle Ages aLondonbMethuen and Companyc1925 a382p aincludes index and biblioraphy2 aIll, Index aEgypt-History-Mameluke1 aPoole-Lane, Stanley